| 000 | 00546nam a2200205 i 4500 | ||
|---|---|---|---|
| 001 | bgj | ||
| 100 | 1 |
_aGREENE, Graham _d(1904-1991). |
|
| 245 | 1 | 0 |
_aWays of escape / _cGraham Greene. |
| 260 |
_aLondon [etc.] : _bThe Bodley Head, _c1980. |
||
| 300 |
_a308, [1] pp ; _c21 cm. |
||
| 600 | 1 | 9 | _aGreene, Graham, 1904-1991 |
| 650 | 9 |
_aAuthors, English _y20th century |
|
| 655 | _aBiographies | ||
| 020 | _a0370303563 | ||
| 040 | _cBPK | ||
| 041 | 0 | _aeng | |
| 920 | _a0-370-30356-3 | ||
| 942 | _cKS | ||
| 008 | s uk f |000 0 eng | ||
| 999 |
_c47526 _d47526 |
||
| 856 |
_uhttp://koha.tu.koszalin.pl/cgi-bin/koha/opac-detail.pl?biblionumber=47526 _yKatalog online BPK |
||